000 00650nam a2200181 a 4500
008 100122s2003 ||||||||||||||||| || u
020 _a0954633911
050 _aTK 5105.88813 Kay
100 _aKaye, Doug
245 1 0 _aLoosely coupled: the missing pieces of web services.
_cDoug Kaye
260 _aSussex
_bInsightfexec Press
_c2003
300 _axvi, 334p.: ill.
350 _a0.00
650 _aINTERNET
650 _aWEB SITE DEVELOPMENT
650 _aWEB SERVER
995 _D0.00
_FCBU-MAIN LIBRARY (Kitwe)
_H1
_I0.00
_M1
_UAVAILABLE
_WFeb 23, 2010
_ZMain Library Open Access Collection
999 _c49530
_d49530